<?xml version="1.0" encoding="UTF-8"?>
<collection xmlns="http://www.loc.gov/MARC21/slim">
 <record>
  <leader>01557nam a2200337 a 4500</leader>
  <controlfield tag="001">31657</controlfield>
  <controlfield tag="003">BD-DhAAL</controlfield>
  <controlfield tag="005">20220113120309.0</controlfield>
  <controlfield tag="008">030709s2003    nyuac    be   001 0 eng  </controlfield>
  <datafield tag="999" ind1=" " ind2=" ">
   <subfield code="c">37985</subfield>
   <subfield code="d">37985</subfield>
  </datafield>
  <datafield tag="020" ind1=" " ind2=" ">
   <subfield code="a">0824707524 (print : alk. paper)</subfield>
  </datafield>
  <datafield tag="020" ind1=" " ind2=" ">
   <subfield code="a">0824706080 (online)</subfield>
  </datafield>
  <datafield tag="040" ind1=" " ind2=" ">
   <subfield code="a">NLM</subfield>
   <subfield code="c">NLM</subfield>
   <subfield code="d">IWA</subfield>
   <subfield code="d">DLC</subfield>
   <subfield code="d">BD-DhAAL</subfield>
  </datafield>
  <datafield tag="082" ind1="0" ind2="0">
   <subfield code="a">615.03</subfield>
   <subfield code="2">22</subfield>
  </datafield>
  <datafield tag="245" ind1="0" ind2="0">
   <subfield code="a">Encyclopedia of clinical pharmacy /</subfield>
   <subfield code="c">edited by Joseph T. DiPiro.</subfield>
  </datafield>
  <datafield tag="260" ind1=" " ind2=" ">
   <subfield code="a">New York :</subfield>
   <subfield code="b">M. Dekker,</subfield>
   <subfield code="c">c2003.</subfield>
  </datafield>
  <datafield tag="300" ind1=" " ind2=" ">
   <subfield code="a">x, 933 pages :</subfield>
   <subfield code="b">illustrations, port. ;</subfield>
   <subfield code="c">28 cm.</subfield>
  </datafield>
  <datafield tag="500" ind1=" " ind2=" ">
   <subfield code="a">Published in partnership with the American College of Clinical Pharmacy and the American Society of Health-System Pharmacists.</subfield>
  </datafield>
  <datafield tag="504" ind1=" " ind2=" ">
   <subfield code="a">Includes bibliographical references and index.</subfield>
  </datafield>
  <datafield tag="526" ind1=" " ind2=" ">
   <subfield code="a">PHR</subfield>
  </datafield>
  <datafield tag="541" ind1=" " ind2=" ">
   <subfield code="e">31657, 31658</subfield>
  </datafield>
  <datafield tag="650" ind1=" " ind2="0">
   <subfield code="a">Pharmacy</subfield>
   <subfield code="v">Encyclopedias.</subfield>
   <subfield code="9">21110</subfield>
  </datafield>
  <datafield tag="650" ind1="1" ind2="2">
   <subfield code="a">Pharmacy</subfield>
   <subfield code="v">Encyclopedias</subfield>
   <subfield code="x">English.</subfield>
   <subfield code="9">21111</subfield>
  </datafield>
  <datafield tag="650" ind1="1" ind2="2">
   <subfield code="a">Pharmacy.</subfield>
   <subfield code="9">43070</subfield>
  </datafield>
  <datafield tag="700" ind1="1" ind2=" ">
   <subfield code="a">DiPiro, Joseph T.</subfield>
   <subfield code="9">21112</subfield>
  </datafield>
  <datafield tag="710" ind1="2" ind2=" ">
   <subfield code="a">American College of Clinical Pharmacy.</subfield>
   <subfield code="9">21113</subfield>
  </datafield>
  <datafield tag="710" ind1="2" ind2=" ">
   <subfield code="a">American Society of Health-System Pharmacists.</subfield>
   <subfield code="9">21114</subfield>
  </datafield>
  <datafield tag="852" ind1=" " ind2=" ">
   <subfield code="a">Ayesha Abed Library </subfield>
   <subfield code="c">General Shelf</subfield>
  </datafield>
  <datafield tag="942" ind1=" " ind2=" ">
   <subfield code="2">ddc</subfield>
   <subfield code="c">BK</subfield>
  </datafield>
  <datafield tag="952" ind1=" " ind2=" ">
   <subfield code="0">0</subfield>
   <subfield code="1">0</subfield>
   <subfield code="2">ddc</subfield>
   <subfield code="4">0</subfield>
   <subfield code="6">615_030000000000000_ENC</subfield>
   <subfield code="7">1</subfield>
   <subfield code="8">REF</subfield>
   <subfield code="9">60102</subfield>
   <subfield code="a">BRACUL</subfield>
   <subfield code="b">BRACUL</subfield>
   <subfield code="c">GEN</subfield>
   <subfield code="d">2017-03-19</subfield>
   <subfield code="e">Trim Education</subfield>
   <subfield code="g">22571.00</subfield>
   <subfield code="l">0</subfield>
   <subfield code="o">615.03 ENC</subfield>
   <subfield code="p">3010031657</subfield>
   <subfield code="r">2017-03-21</subfield>
   <subfield code="t">1</subfield>
   <subfield code="v">22571.00</subfield>
   <subfield code="w">2017-03-19</subfield>
   <subfield code="y">BK</subfield>
  </datafield>
  <datafield tag="952" ind1=" " ind2=" ">
   <subfield code="0">0</subfield>
   <subfield code="1">0</subfield>
   <subfield code="2">ddc</subfield>
   <subfield code="4">0</subfield>
   <subfield code="6">615_030000000000000_ENC</subfield>
   <subfield code="7">1</subfield>
   <subfield code="8">REF</subfield>
   <subfield code="9">60103</subfield>
   <subfield code="a">BRACUL</subfield>
   <subfield code="b">BRACUL</subfield>
   <subfield code="c">GEN</subfield>
   <subfield code="d">2017-03-19</subfield>
   <subfield code="e">Trim Education</subfield>
   <subfield code="g">22571.00</subfield>
   <subfield code="l">0</subfield>
   <subfield code="o">615.03 ENC</subfield>
   <subfield code="p">3010031658</subfield>
   <subfield code="r">2017-03-21</subfield>
   <subfield code="t">2</subfield>
   <subfield code="v">22571.00</subfield>
   <subfield code="w">2017-03-19</subfield>
   <subfield code="y">BK</subfield>
  </datafield>
 </record>
</collection>
